Parasitología en perros y gatos / (Registro nro. 37913)

Detalles MARC
000 -Líder
campo de control de longitud fija 02960nam a2200301 a 4500
001 - Número de Control
campo de control 991017720342207486
005 - Fecha y Hora de Actualización
campo de control 20260423173825.0
008 - Longitud Fija
campo de control de longitud fija 250821n ck a gr 000 0 spa d
020 ## - International Standard Book Number
ISBN 9789587362671
040 ## - Fuente de Catalogación
Centro catalogador/agencia de origen CO-BoBLA
Lengua de catalogación Español
Centro/agencia transcriptor CO-BoBLA
Normas de descripción rda
041 0# - Idioma
Código de lengua del texto/banda sonora o título independiente Español
100 ## - Entrada Principal -- Nombre de Persona
Nombre de persona Durán Ramírez, Felipe.
Término indicativo de función/relación
--
9 (RLIN) 534
245 10 - Título Propiamente Dicho
Título Parasitología en perros y gatos /
Mención de responsabilidad Felipe Durán Ramirez.
264 #1 - Producción, Publicación, Distribución, Fabricación y Copyright
Producción, publicación, distribución, fabricación y copyright Bogotá :
Nombre del de productor, editor, distribuidor, fabricante Grupo Latino Editores,
Fecha de producción, publicación, distribución, fabricación o copyright 2025
300 ## - Descripción Física
Extensión 411 páginas :
Otras características físicas ilustraciones, tablas, gráficos, fotografías ;
Dimensiones 27 cm.
336 ## - Tipo de Contenido
Término de tipo de contenido texto
Código de tipo de contenido texto
Fuente rdacontent
337 ## - Tipo de Medio
Nombre/término del tipo de medio sin mediacion
Código del tipo de medio no mediado
Fuente rdamedia
338 ## - Tipo de Portador
Nombre/término del tipo de soporte volumen
Código del tipo de soporte volumen
Fuente rdacarrier
490 1# - Mención de Serie
Mención de serie Volvamos al campo
504 ## - Nota de Bibliografía
Nota de bibliografía, etc. Nota Incluye referencias bibliográficas páginas 393-411.
505 ## - Nota de Contenido
Nota de contenido con formato Contenido. -- CAPÍTULO 1 Generalidades sobre la parasitología. -- ¿Qué es parasitología?. -- Ramas de la parasitología. -- Parasitosis. -- ¿Qué es un parásito?. -- Ciclo de vida de los parásitos. -- Asociaciones biológicas y parasitarias. -- Huésped. -- Relaciones entre parásito y hospedador. -- especificidad parasitaria. -- Reacciones de hospedero-parásito. -- Propagación y reproducción. -- Adaptaciones para la propagación del parásito. -- Transmisión de una especie parasitaria. -- Dispersión del hospedador. -- Inmunología y el sistema inmune. -- CAPÍTULO 2 Endoparásitos. -- ¿Qué son los endoparásitos?. -- CAPÍTULO 3 Ectoparásitos. -- Introducción. -- Artrópodos. -- Acciones patógenas de los artrópodos. -- Biología, diagnóstico y control de ectoparásitos. -- CAPÍTULO 4 Enfermedades producidas por parásitos que afectan a perros y gatos. -- Parasitosis del aparato digestivo. -- Amebiasis. -- Giardiasis. -- Balantidiasis. -- Criptosporidiosis. -- Opistorquiasis. -- Estrongiloidiasis. -- Tricuriasis. -- Toxicaríais. -- Espirocercosis. -- Ollulaniasis. -- Teniasis. -- Dipilidiasis. -- Equinococosis. -- Mesocestoidosis. -- Parasitosis sistémicas.-- Leishmaniacosis canina. -- Toxoplasmosis. -- Neosporosis. -- Encefalitozoonosis (microporidiosis). -- Babesiosis. -- Hepatozoonosis. -- Cytauzoonosis felina. -- Tripanpsosmiasis. -- Dirofilariasis canina.-- Dirofilariasis felina. -- Parasitosis respiratorias y cardiopulmonares. -- Angiostrongilosis. -- Aelurostrongilosis. -- Filaroidosis. -- Linguatulosis. -- Pneumonisosis. -- Parasitosis cutáneas. -- Demodicosis canina. -- Demodicosis felina. -- Sarcoptosis canina. -- Notoedrosis felina. -- Queiletielosis. -- Otodectosis. -- Índice de tablas. -- Índice de figuras. -- Bibliografía
082 04 - Número de Clasificación Decimal Dewey
Número de clasificación 636.0896
Número de ítem D948p
650 #0 - Punto de Acceso Adicional -- Materia general
Término de materia o nombre geográfico como elemento de entrada Parasitología veterinaria
Fuente del encabezamiento o término BLAAUTO
9 (RLIN) 829
650 #0 - Punto de Acceso Adicional -- Materia general
Término de materia o nombre geográfico como elemento de entrada Enfermedades de los perros
Subdivisión general Diagnostico y tratamiento
Fuente del encabezamiento o término BLAAUTO
9 (RLIN) 1137
650 #0 - Punto de Acceso Adicional -- Materia general
Término de materia o nombre geográfico como elemento de entrada Enfermedades de los gatos
Subdivisión general Diagnostico y tratamiento
Fuente del encabezamiento o término BLAAUTO
9 (RLIN) 1132
650 #0 - Punto de Acceso Adicional -- Materia general
Término de materia o nombre geográfico como elemento de entrada Medicina veterinaria
Subdivisión general Diagnostico y tratamiento
Fuente del encabezamiento o término BLAAUTO
9 (RLIN) 1133
942 ## - Punto de Acceso Adicional Koha
Tipo de ítem Koha Libro general
Suprimir en OPAC No
Existencias
Estatus retirado Estado de pérdida Fuente de la clasificación o esquema de estantería Estado de daño No para préstamo Colección Biblioteca de origen Biblioteca actual Fecha de adquisición Forma de adquisición Precio Total de préstamos Signatura topográfica completa Código de barras Visto por última vez Precio de reemplazo Tipo de ítem Koha Programa académico
    Clasificación Decimal Dewey     General Biblioteca Uniagraria Biblioteca Uniagraria 27/03/2026 Compra 208.00   636.0896/ D948p 0100030467 23/04/2026 23/04/2026 Libro general Medicina veterinaria